|
|
|
|
| LEADER |
00000nam a2200000 a 4500 |
| 001 |
vtls008999549 |
| 003 |
SK-MaSNL |
| 005 |
20260301170334.0 |
| 008 |
251124s1999 xxu g 001 0 eng |
| 020 |
|
|
|a 0838979998 (brož.)
|
| 020 |
|
|
|a 9780838979990 (brož.)
|
| 040 |
|
|
|a SNK
|b slo
|c SNK
|e AACR2
|
| 041 |
0 |
|
|a eng
|
| 043 |
|
|
|a n-us---
|
| 044 |
|
|
|a xxu
|c US
|
| 072 |
|
7 |
|a 02
|x Knihovníctvo. Informatika
|2 konspekt
|
| 080 |
|
|
|a 027.2
|2 2001
|
| 080 |
|
|
|a 027.021
|2 2001
|
| 080 |
|
|
|a 024.5/.6
|2 2001
|
| 080 |
|
|
|a (73)
|2 2001
|
| 080 |
|
|
|a (048.8)
|2 2001
|
| 245 |
0 |
0 |
|a People come first: user-centered academic library service
|c edited by Dale S. Montanelli & Patricia F. Stenstrom
|
| 260 |
|
|
|a Chicago
|b Association of College and Research Libraries
|c 1999
|
| 300 |
|
|
|a viii, 194 s.
|c 23 cm
|
| 490 |
1 |
|
|a ACRL publications in librarianship
|v no. 53
|
| 504 |
|
|
|a Obsahuje bibliogr.
|
| 650 |
0 |
7 |
|a akademické knižnice
|2 SNKPH
|9 51410
|
| 650 |
0 |
7 |
|a vedecké knižnice
|2 SNKPH
|9 49795
|
| 650 |
0 |
7 |
|a knižničné služby
|2 SNKPH
|9 64475
|
| 651 |
|
7 |
|a Spojené štáty americké
|2 SNKPH
|9 18262
|
| 655 |
|
7 |
|a štúdie
|2 SNKPH
|9 57033
|
| 700 |
1 |
|
|a Montanelli, Dale S.
|4 edt
|9 536395
|
| 700 |
1 |
|
|a Stenstrom, Patricia F.
|4 edt
|9 536396
|
| 830 |
|
0 |
|a ACRL publications in librarianship
|9 536397
|
| 919 |
|
|
|a 0-8389-7999-8
|
| 919 |
|
|
|a 978-0-8389-7999-0
|
| 999 |
|
|
|c 827273
|d 829203
|
| 952 |
|
|
|t snkPEO 024.5
|a SNKUST
|b SNKUST
|y PREZ
|7 0
|p 17A0554715
|o snkIC 135049
|i snk2007/15564
|8 2
|g 14.94
|0 0
|1 0
|4 0
|d 2007-06-18
|l 0
|r 2025-04-30 00:00:00
|w 2026-02-24
|